Fr. Conceicao Rodrigues College of Engineering

Datamining:Methods and models (Record no. 34481)

MARC details
000 -LEADER
fixed length control field 00361nam a2200169Ia 4500
082 ## - DEWEY DECIMAL CLASSIFICATION NUMBER
Classification number 5.741
Item number LAR
100 ## - MAIN ENTRY--PERSONAL NAME
Personal name Larose/Daniel T
245 ## - TITLE STATEMENT
Title Datamining:Methods and models
260 ## - PUBLICATION, DISTRIBUTION, ETC.
Name of publisher, distributor, etc. Wiley India
Date of publication, distribution, etc. 2006
366 ## - TRADE AVAILABILITY INFORMATION
Publishers's discount category 27
300 ## - PHYSICAL DESCRIPTION
Extent 322
546 ## - LANGUAGE NOTE
Language note ENGLISH
-- Computers
650 ## - SUBJECT ADDED ENTRY--TOPICAL TERM
Topical term or geographic name entry element Data Mining
654 ## - SUBJECT ADDED ENTRY--FACETED TOPICAL TERMS
Focus term datamining
942 ## - ADDED ENTRY ELEMENTS (KOHA)
Koha item type BOOK
Holdings
Withdrawn status Lost status Damaged status Not for loan Collection Home library Current library Date acquired Source of acquisition Cost, normal purchase price Inventory number Total Checkouts Full call number Barcode Date last seen Cost, replacement price Price effective from Koha item type
        CRC Fr. Agnel's C.Rodrigues College of Engineering Fr. Agnel's C.Rodrigues College of Engineering 17/03/2023 Allied Publishers 320.47 1037 dt 03.11.2015   5.741 LAR 23873 17/03/2023 439.00   BOOK